A TEXT BOOK OF ENGINEERING METROLOGY (Record no. 734494)

MARC details
000 -LEADER
fixed length control field 00248nam a2200097Ia 4500
008 - FIXED-LENGTH DATA ELEMENTS--GENERAL INFORMATION
fixed length control field 230508s2008 xx 000 0 und d
041 ## - LANGUAGE CODE
Language code of text/sound track or separate title eng
100 ## - MAIN ENTRY--PERSONAL NAME
Personal name GUPTA I C
245 ## - TITLE STATEMENT
Title A TEXT BOOK OF ENGINEERING METROLOGY
260 ## - PUBLICATION, DISTRIBUTION, ETC.
Name of publisher, distributor, etc. DHANPATRAI
Date of publication, distribution, etc. 2008
Date of manufacture 2008

No items available.